Регионална библиотека "Любен Каравелов" - Русе

Прочети ме! (Запис номер 167691)

MARC детайли
000 -Лидер
Контролно поле с фиксирана дължина nam a22 a 4500
003 - Код на организацията, давaща контролен номер
Контролно поле BLK
005 - Дата и час на последна редакция
Контролно поле 20230321153021.0
008 - Елементи от данни с фиксирана дължина
fixed length control field 180411b bul|||||r ||||||| ||bul||
010 ## - Наследен системен номер
LC control number KNG00175515000
020 ## - Международен стандартен номер на книга ISBN
Международен стандартен номер на книга ISBN 978-954-18-0844-3
040 ## - Източник на каталожния запис
Идентификатор на билиотеката - собственик на записа BLK
041 ## - Код за език
Код за езика на текст/звукозапис или на отделно заглавие Български
Код за езика КДБФ Български
072 #7 - Код за тематичната категория
Код организация bullib
Код за тематична категория Н372
Текст Учебни предмети. Учебници Н
080 ## - УДК
Текстов определител УДК Основи на четенето. Методи на обучение в четенето
УДК код - определител по УДК 373.3.016:028.1
УДК определител (076)
УДК - код + определител 373.3.016:028.1(076)
100 1# - Редна дума - Автор
Автор Вълкова, Станка Костадинова
Авторска отговорност първи автор
R(LIN) 370371
139 ## - Редно поле
Редна дума Вълкова-Чурлина, Станка Костадинова
Авторски знак Вълк - В 93
245 10 - Сведения за заглавието
Заглавие Прочети ме!
Подзаглавни данни Кн. за четене с разбиране, І клас
Редно поле (дума) Станка Костадинова Вълкова; * Станка Костадинова Вълкова-Чурлина; ил. Златан Панчев Рангелов.
257 ## - Страна на издаване
Страна на създаване/издаване България
260 ## - Област на издателските данни
Място на издаване, разпространение и проч. София
Име на издателя, разпространителя и проч. Булвест 2000
Година на издаване 2013
300 ## - Физическа характеристика
Страници 60 с.
Илюстрации и др. с цв. ил.
Размери/Мащаб 26 см
380 ## - Жанр
Жанр Детска отраслова лит.
500 ## - Общи забележки
Забележка Възприета форма на името на авт. е Станка Костадинова Вълкова-Чурлина. - Библиогр.: с. 60.
650 #4 - Допълнително описание по предмет – тема
Основно описание – тема или топоним Четене - основи и методи на обучение
9 (RLIN) 277918
653 ## - Ключова дума – ненормативна
Ключова дума четене с разбиране
700 1# - Други автори (авторска отговорност)
Лично име Вълкова-Чурлина, Станка Костадинова
Автороска отговорност (Описва отношението между автора и произведението) *
9 (RLIN) 368477
700 1# - Други автори (авторска отговорност)
Лично име Рангелов, Златан Панчев
Автороска отговорност (Описва отношението между автора и произведението) ил.
9 (RLIN) 379047
852 ## - Местоположение
Форматна сигнатура Цб ІІ 20515
856 4# - Електронен адрес и достъп
Електронен формат pdf - файл
Инструкция (цена за достъп) 0.00
Права за достъп disable
856 4# - Електронен адрес и достъп
Електронен формат pdf - файл
Инструкция (цена за достъп) 0.00
Права за достъп disable
999 ## - СИСТЕМНИ КОНТРОЛНИ НОМЕРА
Koha biblionumber 167691
Koha biblioitemnumber 167691
942 ## - АРТИКУЛИ
Вид на библиотечния материал Книги
Скрит в OPAC Не
Периодичен библиозапис Да
944 ## - СЪЗДАВАНЕ И РЕДАКЦИЯ на ЗАПИСА
Създаване/Редакция Създаване
Дата на регистрацията/редакция 20.05.2015
Служител, извършил регистрацията/редакцията Виолета_Тройчева
Наличности
Код за отписване Код за изгубен артикул Код за повреда Коз за рестрикции Код за отдаване Артикулен № Име на библиотеката - собственик Име на библиотеката, в която се намира в момента Статус (Текущо местоположение) Дата на вписване в системата Местоположение - отдел Цена в лева Инвентарен номер Систематично азбучна сигнатура Баркод Номер на екземпляра Цена в евро Служебна бележка Служебен тип на артикула Източник на класификационната схема
  Не е изгубен Не е повреден без рестрикции ползва се в читалня 282555 Регионална библиотека "Любен Каравелов" Русе Регионална библиотека "Любен Каравелов" Русе Хранилище 2015-05-26 Хранилище 5.00 120000788200 Цб ІІ 20515 120000788200 1 2.56 Дост: Dp Вид: Д N: 48 Дата: 03.11.2014 Книги  
  Не е изгубен Не е повреден без рестрикции заемане за дома 925720 Регионална библиотека "Любен Каравелов" Русе Регионална библиотека "Любен Каравелов" Русе Детски отдел 2023-03-29 Детски отдел 7.20 120000884836 373.3.016/В 93 С 120000884836   3.68   Книги Universal Decimal Classification
Vip Innovations Ltd, Rousse, Bulgaria 2025